| 000 | 00773nam a2200229 a 4500 | ||
|---|---|---|---|
| 001 | 41003 | ||
| 003 | BD-RjUL | ||
| 005 | 20211209053318.0 | ||
| 008 | 160514s1992 bg ||||| |||| 00| 0 ben d | ||
| 020 | _c: Tk. 25.00 | ||
| 035 | _a(BD-RjUL) 41119 | ||
| 040 |
_aBD-RjUL _bben _cBD-RjUL |
||
| 041 | _aben | ||
| 082 |
_223 _a891.441 _bISD 1992 |
||
| 100 |
_aইসলাম, মযহারুল _9126182 |
||
| 245 | 1 | 0 |
_aদুঃসময়ের ছড়া / _cমযহারুল ইসলাম |
| 260 |
_aঢাকা : _bনুরজাহান প্রকাশনালয়, _c১৯৯২ |
||
| 300 |
_a৬৮ পৃ. ; _c২০ সেমি. |
||
| 650 |
_aবাংলা কবিতা _9126183 |
||
| 650 |
_aBengali Poetry _9126184 |
||
| 942 |
_2ddc _cBK |
||
| 999 |
_c41003 _d41003 |
||